000
00327nam a22001337a 4500
008
260619b |||||||| |||| 00| 0 eng d
100
_a
FERRAO JORGE
245
_a
Mamiferos uma seleccao da nossa fauna
250
_a
1ed
260
_a
Maputo
_b
Texto Editora
_c
2010
300
_a
128p
650
_a
mamiferos
942
_2
udc
_c
BK
999
_c
56438
_d
56437